Statistics for Every Mid-American Team and Nickname

Click here to take the quiz!

General Stats

  • This quiz has been taken 42 times
  • The average score is 19 of 24

Answer Stats

Answer% Correct
Akron
91%
Bowling Green
91%
Miami (OH)
87%
Ohio
87%
Toledo
87%
Zips
87%
Bobcats
83%
Central Michigan
83%
Kent State
83%
Western Michigan
83%
Ball State
78%
Buffalo
78%
Eastern Michigan
78%
Golden Flashes
78%
Northern Illinois
78%
RedHawks
78%
Rockets
78%
Falcons
74%
Chippewas
70%
Broncos
65%
Bulls
65%
Huskies
65%
Cardinals
61%
Eagles
61%

Score Distribution

Percentile by Number Answered

Percent of People with Each Score

Your Score History

You have not taken this quiz